| Tag |
First Indicator |
Second Indicator |
Subfields |
| LEADER |
00000cam a2200000 i 4500 |
| 001 |
in00000254607 |
| 005 |
20230801165349.0 |
| 008 |
790124s1977 enkab b 001 0 eng |
| 010 |
|
|
|a 78323337
|
| 015 |
|
|
|a GB7825147
|2 bnb
|
| 015 |
|
|
|a B7825147
|
| 016 |
7 |
|
|a 011638089
|2 Uk
|
| 016 |
7 |
|
|a 090-20680
|2 uk
|
| 016 |
7 |
|
|a GB7-82514
|2 uk
|
| 019 |
|
|
|a 4186014
|a 4641413
|a 60002413
|a 1166840121
|
| 020 |
|
|
|a 0902068067
|
| 020 |
|
|
|a 9780902068063
|
| 028 |
3 |
2 |
|a [North St., E13 9HJ] :
|b Curwen Press Ltd
|
| 029 |
1 |
|
|a AU@
|b 000001354358
|
| 029 |
1 |
|
|a AU@
|b 000006350949
|
| 029 |
1 |
|
|a CBK
|b 047813369
|
| 029 |
1 |
|
|a GBVCP
|b 192584146
|
| 029 |
1 |
|
|a HEBIS
|b 056119674
|
| 029 |
1 |
|
|a HEBIS
|b 232189633
|
| 029 |
1 |
|
|a NLGGC
|b 780258479
|
| 029 |
1 |
|
|a UKBCI
|b 047813369
|
| 029 |
1 |
|
|a UKBNS
|b 047813369
|
| 029 |
1 |
|
|a UKSCO
|b 047813369
|
| 029 |
1 |
|
|a UKSGC
|b 047813369
|
| 029 |
1 |
|
|a UKSOM
|b 047813369
|
| 029 |
1 |
|
|a UNITY
|b 047813369
|
| 035 |
|
|
|a (OCoLC)ocm04128222
|
| 035 |
|
|
|a (OCoLC)4128222
|z (OCoLC)4186014
|z (OCoLC)4641413
|z (OCoLC)60002413
|z (OCoLC)1166840121
|
| 035 |
|
|
|a (OCoLC)ocm04128222
|
| 040 |
|
|
|a DLC
|b eng
|c DLC
|d OCLCQ
|d NLGGC
|d UKM
|d OCLCG
|d GBVCP
|d OCLCO
|d OCLCF
|d OCLCQ
|d WURST
|d RDF
|d LUN
|d OCLCO
|
| 043 |
|
|
|a e-uk---
|a e-ie---
|a e-uk-ni
|
| 050 |
0 |
0 |
|a QL520.24.G7
|
| 082 |
0 |
0 |
|a 595.7/33/0941
|2 18
|
| 083 |
0 |
|
|a Dragonflies & damselflies Great Britain
|
| 084 |
|
|
|a 42.75
|2 bcl
|
| 100 |
1 |
|
|a Hammond, Cyril O.
|q (Cyril Oswald)
|
| 245 |
1 |
4 |
|a The dragonflies of Great Britain and Ireland /
|c Cyril O. Hammond ; with enlarged illustrations of all the British species in colour by the author and an illustrated key to the aquatic larval stages by the late A.E. Gardner.
|
| 260 |
|
|
|a London :
|b Curwen Press Ltd.,
|c 1977.
|
| 300 |
|
|
|a 3-115 pages :
|b illustrations (some color), maps ;
|c 26 cm
|
| 336 |
|
|
|a text
|b txt
|2 rdacontent
|
| 337 |
|
|
|a unmediated
|b n
|2 rdamedia
|
| 338 |
|
|
|a volume
|b nc
|2 rdacarrier
|
| 504 |
|
|
|a Includes bibliographical references (page 18).
|
| 500 |
|
|
|a Includes indexes.
|
| 650 |
|
0 |
|a Odonata
|z British Isles.
|
| 650 |
|
0 |
|a Insects
|z British Isles.
|
| 650 |
|
6 |
|a Odonates
|z Britanniques, Îles.
|
| 650 |
|
6 |
|a Insectes
|z Britanniques, Îles.
|
| 650 |
|
7 |
|a Insects.
|2 fast
|0 (OCoLC)fst00974074
|
| 650 |
|
7 |
|a Odonata.
|2 fast
|0 (OCoLC)fst01043885
|
| 651 |
|
7 |
|a Europe
|z British Isles.
|2 fast
|0 (OCoLC)fst01244830
|
| 653 |
|
|
|a Great Britain
|a Dragonflies & damselflies
|
| 653 |
0 |
0 |
|a dieren
|
| 653 |
0 |
0 |
|a animals
|
| 653 |
0 |
0 |
|a identificatie
|
| 653 |
0 |
0 |
|a identification
|
| 653 |
0 |
0 |
|a ierse republiek
|
| 653 |
0 |
0 |
|a irish republic
|
| 653 |
0 |
0 |
|a odonata
|
| 653 |
1 |
0 |
|a Insecta
|
| 776 |
0 |
8 |
|i Online version:
|a Hammond, Cyril O. (Cyril Oswald).
|t Dragonflies of Great Britain and Ireland.
|d London : Curwen Press Ltd., 1977
|w (OCoLC)691075846
|
| 948 |
|
|
|h HELD BY TXA - 89 OTHER HOLDINGS
|
| 994 |
|
|
|a Z0
|b TXA
|
| 999 |
f |
f |
|s c68ad7c4-a493-38b2-915c-6d9b78182dd3
|i a9c1bac9-1c29-30ec-a7cb-a40e78c1e070
|t 0
|
| 952 |
f |
f |
|p ric
|a Texas A&M University
|b Rellis Campus
|c Joint Library Facility
|s JLF
|d Remote Storage
|t 0
|e QL520.24.G7 H35
|h Library of Congress classification
|i unmediated -- volume
|m A14804947633
|